| 000 | 00720cam a22002298i 4500 | ||
|---|---|---|---|
| 999 |
_c7733 _d7733 |
||
| 003 | OSt | ||
| 005 | 20200518120044.0 | ||
| 008 | 170221s2018 nyu b 001 0 eng | ||
| 020 | _a9781138672253 (pbk. : alk. paper) | ||
| 042 | _apcc | ||
| 082 | 0 | 0 |
_a720.47PEA _223 |
| 100 | 1 |
_aPearce, Annie R., _eauthor. |
|
| 245 | 1 | 0 |
_aSustainable buildings and infrastructure : _bpaths to the future / _cAnnie R. Pearce, Yong Han Ahn and HanmiGlobal. |
| 250 | _a2nd edition. | ||
| 263 | _a1708 | ||
| 300 | _apages cm | ||
| 504 | _aIncludes bibliographical references and index. | ||
| 650 | 0 | _aSustainable construction. | |
| 700 | 1 |
_aAhn, Yong Han, _eauthor. |
|
| 710 | 2 |
_aHanmi Kŭllobŏl Chusik Hoesa, _eauthor. |
|
| 942 | _2ddc | ||